Statistics for China or India? - Multiple Choice Quiz

Click here to take the quiz!

General Stats

  • This quiz has been taken 346 times
  • The average score is 12 of 15

Answer Stats

Question Answer % Correct
My flag has just two colorsChina
95%
I invented toilet paperChina
87%
I share a border with 14 other countriesChina
87%
I drive on the left hand side of the roadIndia
85%
I have a literacy rate of over 95%China
85%
I am a somewhat poor country with just $7000 per capitaIndia
85%
My national bird is a PeacockIndia
83%
I speak over 450 languagesIndia
79%
I am home to the largest dam in the worldChina
78%
I have over 300 billionairesChina
77%
I have a high population density at over 400 per square kmIndia
76%
I have more people aged 0 to 14 than the entire population of the USAIndia
74%
I have the greatest elevation in the worldChina
66%
My total oil consumption is almost the same as Japan'sIndia
54%
I have a birth rate of 19 per 1000 peopleIndia
47%

Score Distribution

Percentile by Number Answered

Percent of People with Each Score

Your Score History

You have not taken this quiz